000
00285nam a22001217a 4500
008
180124b xxu||||| |||| 00| 0 eng d
041
_a
eng
080
_a
33
100
_a
59
101
_a
bis
245
_a
college currency money for business training
_c
martha.s
942
_2
udc
_c
BK
999
_c
40846
_d
40846